00627 2200217 4500001002100000005001500021035002000036007000300056008004100059020001800100020002200118100002100140245010900161260003800270300002700308082001200335084001800347250001100365650001300376990002000389INLIS00000000000743320260112021723 a0010-0126000042ta260112 | | ind  a979-002-563-7 a978-979-002-563-91 aSuharno, Bambang1 aAgribisnis Ayam Ras :bPanduan Memulai dan Mengelola Usaha Ayam Petelur dan Pedaging /cBambang Suharno aJakarta :bPenebar Swadaya,c2012 a92 hlm :bilus ;c23cm a636.513 a636.513 SUH a aCet. 1 4aAyam Ras a030/yoma/h/2026